<?xml version="1.0" encoding="UTF-8"?>
<collection xmlns="http://www.loc.gov/MARC21/slim">
<record>
  <controlfield tag="001">80361</controlfield>
  <controlfield tag="005">20251001112456.0</controlfield>
  <controlfield tag="008">140704s1793    sp      r     000   spa d</controlfield>
  <datafield tag="037" ind1=" " ind2=" ">
    <subfield code="a">CAJ_90_2228ar</subfield>
  </datafield>
  <datafield tag="040" ind1=" " ind2=" ">
    <subfield code="a">UZ.GRL</subfield>
  </datafield>
  <datafield tag="080" ind1=" " ind2=" ">
    <subfield code="a">946.0:355.48(4)"1792/97"(093)</subfield>
  </datafield>
  <datafield tag="080" ind1=" " ind2=" ">
    <subfield code="a">946.0:940"1792/97"(093)</subfield>
  </datafield>
  <datafield tag="080" ind1=" " ind2=" ">
    <subfield code="a">355.211(460.22)"17"(093)</subfield>
  </datafield>
  <datafield tag="100" ind1="1" ind2=" ">
    <subfield code="a">Alburquerque, Miguel José María de la Cueva y Enríquez de Navarra</subfield>
    <subfield code="c">Duque de</subfield>
    <subfield code="d">1743-1803</subfield>
  </datafield>
  <datafield tag="245" ind1=" " ind2=" ">
    <subfield code="a">Don Miguel Josef Maria de la Cueva, Velasco ... Gobernador y Capitan General del Exército y Reyno de Aragón ...</subfield>
    <subfield code="b">A todos son bien notorios los firmes deseos, y continuos desvelos de nuestro ... Monarca Carlos IV ... dirigidos á mantener la Paz ...</subfield>
  </datafield>
  <datafield tag="246" ind1="0" ind2="3">
    <subfield code="a">A todos son bien notorios los firmes deseos, y continuos desvelos de nuestro ... Monarca Carlos IV ... dirigidos á mantener la Paz..</subfield>
  </datafield>
  <datafield tag="246" ind1="0" ind2="3">
    <subfield code="a">[Edicto del Capitán General de Aragón para que se haga una recluta voluntaria en Aragón al objeto de, si fuera necesario, poder defender la frontera con Francia]</subfield>
  </datafield>
  <datafield tag="260" ind1=" " ind2=" ">
    <subfield code="a">[Zaragoza</subfield>
    <subfield code="b">s.n.</subfield>
    <subfield code="c">1793]</subfield>
  </datafield>
  <datafield tag="300" ind1=" " ind2=" ">
    <subfield code="a">[4] p.</subfield>
    <subfield code="c">Fol. (30 cm)</subfield>
  </datafield>
  <datafield tag="500" ind1=" " ind2=" ">
    <subfield code="a">Texto sin indicaciones tipográficas, pero fechado en Zaragoza a 24 de febrero de 1793 y firmado por C. El Duque de Alburquerque y, Por Real Comision, Francisco Vaca</subfield>
  </datafield>
  <datafield tag="500" ind1=" " ind2=" ">
    <subfield code="a">Tít. tomado del comienzo del texto</subfield>
  </datafield>
  <datafield tag="500" ind1=" " ind2=" ">
    <subfield code="a">Precede al texto: cruz de Malta</subfield>
  </datafield>
  <datafield tag="510" ind1="4" ind2=" ">
    <subfield code="a">Jiménez Catalán. Tip. zaragozana del S. XVIII, 1301</subfield>
  </datafield>
  <datafield tag="540" ind1=" " ind2=" ">
    <subfield code="9">info:eu-repo/semantics/openAccess</subfield>
    <subfield code="a">by</subfield>
    <subfield code="u">https://creativecommons.org/licenses/by/4.0/deed.es</subfield>
  </datafield>
  <datafield tag="650" ind1="0" ind2="4">
    <subfield code="a">Reclutamiento y alistamiento</subfield>
    <subfield code="v">Fuentes</subfield>
    <subfield code="y">S. XVIII</subfield>
    <subfield code="z">Aragón</subfield>
  </datafield>
  <datafield tag="650" ind1="0" ind2="4">
    <subfield code="a">Guerra de la Primera Coalición, 1792-1797</subfield>
  </datafield>
  <datafield tag="651" ind1=" " ind2="4">
    <subfield code="a">España</subfield>
    <subfield code="v">Fuentes</subfield>
    <subfield code="x">Historia</subfield>
    <subfield code="y">1792-1797</subfield>
  </datafield>
  <datafield tag="752" ind1=" " ind2=" ">
    <subfield code="a">España</subfield>
    <subfield code="b">Aragón</subfield>
    <subfield code="d">Zaragoza</subfield>
  </datafield>
  <datafield tag="856" ind1="4" ind2=" ">
    <subfield code="s">2647594</subfield>
    <subfield code="u">http://zaguan.unizar.es/record/80361/files/CAJ_90_2228ar.pdf</subfield>
    <subfield code="y">Texto completo (PDF)</subfield>
  </datafield>
  <datafield tag="856" ind1="4" ind2=" ">
    <subfield code="s">97984</subfield>
    <subfield code="u">http://zaguan.unizar.es/record/80361/files/CAJ_90_2228ar.xml</subfield>
    <subfield code="y">Fichero METS</subfield>
  </datafield>
  <datafield tag="907" ind1=" " ind2=" ">
    <subfield code="a">.b16969170</subfield>
    <subfield code="b">30-04-19</subfield>
    <subfield code="c">04-07-14</subfield>
  </datafield>
  <datafield tag="909" ind1="C" ind2="O">
    <subfield code="o">oai:zaguan.unizar.es:80361</subfield>
    <subfield code="p">fondo-historico</subfield>
    <subfield code="p">driver</subfield>
  </datafield>
  <datafield tag="945" ind1=" " ind2=" ">
    <subfield code="a">CAJ 90-2228ar</subfield>
    <subfield code="g">1</subfield>
    <subfield code="l">100d</subfield>
    <subfield code="n">DIGITALIZACION JUNIO 2019</subfield>
    <subfield code="o">u</subfield>
    <subfield code="p">€0.00</subfield>
    <subfield code="q">-</subfield>
    <subfield code="r">f</subfield>
    <subfield code="s">-</subfield>
    <subfield code="t">20</subfield>
    <subfield code="u">0</subfield>
    <subfield code="v">0</subfield>
    <subfield code="w">0</subfield>
    <subfield code="x">0</subfield>
    <subfield code="y">.i20862957</subfield>
    <subfield code="z">04-07-14</subfield>
  </datafield>
  <datafield tag="980" ind1=" " ind2=" ">
    <subfield code="a">FH</subfield>
    <subfield code="b">fondos</subfield>
  </datafield>
  <datafield tag="998" ind1=" " ind2=" ">
    <subfield code="a">100</subfield>
    <subfield code="b">04-07-14</subfield>
    <subfield code="c">m</subfield>
    <subfield code="d">a</subfield>
    <subfield code="e">a</subfield>
    <subfield code="f">spa</subfield>
    <subfield code="g">sp</subfield>
    <subfield code="h">0</subfield>
    <subfield code="i">0</subfield>
  </datafield>
</record>
</collection>